000 00442nam a22001457a 4500
020 _a9780992978730
040 _cNUST
082 _a004.165
_bZYN
100 _aCrockett, Louise H. - Elliot, Ross A.
_9130350
110 _a Enderwitz, Martin A. David Northcote
_9130353
245 _aThe Zynq Book
_bTutorials for Zybo and Zedboard
260 _aUK:
_bStrathclyde Academic Media,
_c2015.
650 _aThe Zynq Book
_9130354
942 _2ddc
_cBK
999 _c614535
_d614535